[Event "Muensterland Verbandsklasse 1819"]
[Site "Germany"]
[Date "2019.05.18"]
[Round "9.5"]
[White "Horstmann, Michael1111"]
[Black "Holstegge, Ludger"]
[Result "1/2-1/2"]
[WhiteElo "1678"]
[BlackElo "1761"]
[PlyCount "51"]
[EventDate "2018.09.15"]
[EventType "team-tourn"]
[EventRounds "9"]
[EventCountry "GER"]
[SourceTitle "EXT 2020"]
[Source "ChessBase"]
[SourceDate "2019.10.17"]
[SourceVersion "1"]
[SourceVersionDate "2019.10.17"]
[SourceQuality "1"]
[WhiteTeam "Rheine Klein Berlin II"]
[BlackTeam "Nordwalde"]
[WhiteTeamCountry "GER"]
[BlackTeamCountry "GER"]

1. c4 c5 2. Nc3 g6 3. g3 Bg7 4. Bg2 Nc6 5. Nf3 Nf6 6. d4 cxd4 7. Nxd4 0-0 8. 0-0 Nxd4 9. Qxd4 d6 10. Qd2 Rb8 11. b3 Bd7 12. Bb2 Bc6 13. Nd5 Bxd5 14. cxd5 Qd7 15. Rac1 Rfc8 16. Rxc8+ Rxc8 17. Rc1 Rc7 18. Rxc7 Qxc7 19. Qc1 Qxc1+ 20. Bxc1 Nd7 21. Be3 b6 22. Bg5 Kf8 23. e4 Bd4 24. Kf1 Ne5 25. f3 Nd3 26. Bd2 1/2-1/2

[Event "Muensterland Verbandsklasse 1819"]
[Site "Germany"]
[Date "2018.12.08"]
[Round "4.4"]
[White "Harbers, Gerard"]
[Black "Holstegge, Ludger"]
[Result "1/2-1/2"]
[WhiteElo "1914"]
[BlackElo "1761"]
[PlyCount "60"]
[EventDate "2018.09.15"]
[EventType "team-tourn"]
[EventRounds "9"]
[EventCountry "GER"]
[SourceTitle "EXT 2020"]
[Source "ChessBase"]
[SourceDate "2019.10.17"]
[SourceVersion "1"]
[SourceVersionDate "2019.10.17"]
[SourceQuality "1"]
[WhiteTeam "Suedlohn II"]
[BlackTeam "Nordwalde"]
[WhiteTeamCountry "GER"]
[BlackTeamCountry "GER"]

1. e4 c5 2. Nf3 Nc6 3. d4 cxd4 4. Nxd4 Nf6 5. Nc3 d6 6. Be2 e6 7. Be3 Be7 8. Qd2 a6 9. 0-0 0-0 10. f4 Qc7 11. Nb3 b5 12. a3 Bb7 13. Bf3 Rfd8 14. Rfd1 Rac8 15. Rac1 Nd7 16. Ne2 Nc5 17. Ned4 Qb8 18. Nxc6 Bxc6 19. Nxc5 dxc5 20. Qf2 c4 21. e5 Qb7 22. Bxc6 Qxc6 23. c3 Rd5 24. Rxd5 Qxd5 25. Bd4 a5 26. Qf3 Qxf3 27. gxf3 Kf8 28. Kf2 g6 29. Rd1 Ke8 30. Ke2 a4 1/2-1/2

[Event "Muensterland Verbandsklasse 1819"]
[Site "Germany"]
[Date "2018.11.17"]
[Round "3.5"]
[White "Sprenger, Franz"]
[Black "Holstegge, Ludger"]
[Result "1-0"]
[WhiteElo "1666"]
[BlackElo "1761"]
[PlyCount "75"]
[EventDate "2018.09.15"]
[EventType "team-tourn"]
[EventRounds "9"]
[EventCountry "GER"]
[SourceTitle "EXT 2020"]
[Source "ChessBase"]
[SourceDate "2019.10.17"]
[SourceVersion "1"]
[SourceVersionDate "2019.10.17"]
[SourceQuality "1"]
[WhiteTeam "Gronau II"]
[BlackTeam "Nordwalde"]
[WhiteTeamCountry "GER"]
[BlackTeamCountry "GER"]

1. e4 c6 2. d4 d5 3. exd5 cxd5 4. Bd3 Nc6 5. c3 Nf6 6. Ne2 g6 7. 0-0 Bg7 8. h3 0-0 9. Be3 Bf5 10. Bxf5 gxf5 11. Nd2 Qd7 12. f3 Nh5 13. f4 Kh8 14. Kh2 Rg8 15. Ng1 Nf6 16. Ngf3 Ne4 17. Ne5 Bxe5 18. dxe5 e6 19. Nxe4 fxe4 20. Bf2 Rg6 21. Bh4 h6 22. g4 Qc7 23. Kh1 Kh7 24. Qe2 Na5 25. f5 Rg7 26. Bf6 Rag8 27. fxe6 fxe6 28. Rg1 Rg6 29. h4 Qc4 30. Qd1 Qd3 31. Qxd3 exd3 32. g5 Nc4 33. Rad1 Rc8 34. Rxd3 h5 35. Rg2 b5 36. b3 Na5 37. Be7 Rc7 38. Bd8 1-0

[Event "Muensterland Verbandsklasse 1718"]
[Site "Germany"]
[Date "2018.02.17"]
[Round "6.4"]
[White "Kloster, Daniel"]
[Black "Holstegge, Ludger"]
[Result "1/2-1/2"]
[WhiteElo "1768"]
[BlackElo "1803"]
[PlyCount "89"]
[EventDate "2017.09.16"]
[EventType "team-tourn"]
[EventRounds "9"]
[EventCountry "GER"]
[SourceTitle "EXT 2019"]
[Source "ChessBase"]
[SourceDate "2018.10.10"]
[SourceVersion "1"]
[SourceVersionDate "2018.10.10"]
[SourceQuality "1"]
[WhiteTeam "Stadtlohn"]
[BlackTeam "Nordwalde"]
[WhiteTeamCountry "GER"]
[BlackTeamCountry "GER"]

1. d4 d5 2. Nf3 Nf6 3. Bf4 g6 4. h3 Bg7 5. e3 0-0 6. c4 c6 7. Nc3 dxc4 8. Bxc4 Nbd7 9. 0-0 Nb6 10. Bb3 Bf5 11. Ne5 Nfd5 12. Qf3 Be6 13. Nxd5 Bxd5 14. Bxd5 Nxd5 15. a3 Nxf4 16. Qxf4 f6 17. Nf3 Qd7 18. Rad1 Rad8 19. Qe4 e6 20. Qc2 Qf7 21. Qc5 a6 22. e4 Rd7 23. Rd2 Rfd8 24. Rfd1 h6 25. Kf1 Kh7 26. Qc2 Kh8 27. Kg1 g5 28. e5 f5 29. Kf1 Bf8 30. Nh2 h5 31. g4 fxg4 32. hxg4 Kg7 33. Qe4 Qg6 34. Qxg6+ Kxg6 35. gxh5+ Kxh5 36. Rd3 c5 37. Rb3 cxd4 38. Rb6 Re8 39. Nf3 g4 40. Rxd4 Rxd4 41. Nxd4 Bc5 42. Nxe6 Bxb6 43. Ng7+ Kg6 44. Nxe8 Bd4 45. Nd6 1/2-1/2

[Event "Muensterland Verbandsklasse 1617"]
[Site "Germany"]
[Date "2017.03.25"]
[Round "8.5"]
[White "Schlagheck, Thomas"]
[Black "Holstegge, Ludger"]
[Result "1/2-1/2"]
[WhiteElo "1654"]
[BlackElo "1829"]
[PlyCount "40"]
[EventDate "2016.09.24"]
[EventType "team"]
[EventRounds "9"]
[EventCountry "GER"]
[SourceTitle "EXT 2018"]
[Source "ChessBase"]
[SourceDate "2017.10.13"]
[SourceVersion "1"]
[SourceVersionDate "2017.10.13"]
[SourceQuality "1"]
[WhiteTeam "Muenster SK V"]
[BlackTeam "Nordwalde"]
[WhiteTeamCountry "GER"]
[BlackTeamCountry "GER"]

1. c4 c5 2. Nc3 Nc6 3. g3 g6 4. Bg2 Bg7 5. e3 d6 6. Nge2 e5 7. f4 Nge7 8. 0-0 0-0 9. b3 Bf5 10. a3 Qd7 11. Bb2 Rad8 12. Nd5 Bg4 13. Nxe7+ Nxe7 14. Qe1 Bxe2 15. Qxe2 f5 16. Rad1 Qc7 17. d4 e4 18. d5 a5 19. Bxg7 Kxg7 20. Qb2+ Kf7 1/2-1/2

[Event "Muensterland Verbandsklasse 1516"]
[Site "Germany"]
[Date "2016.02.20"]
[Round "6.4"]
[White "Holstegge, Ludger"]
[Black "Van de Vyle, Jan"]
[Result "0-1"]
[WhiteElo "1819"]
[BlackElo "1760"]
[PlyCount "23"]
[EventDate "2015.09.19"]
[EventType "team"]
[EventRounds "9"]
[EventCountry "GER"]
[SourceTitle "EXT 2017"]
[Source "ChessBase"]
[SourceDate "2016.10.25"]
[SourceVersion "1"]
[SourceVersionDate "2016.10.25"]
[SourceQuality "1"]
[WhiteTeam "Nordwalde"]
[BlackTeam "Nienberge II"]
[WhiteTeamCountry "GER"]
[BlackTeamCountry "GER"]

1. c4 e5 2. Nc3 Nf6 3. g3 Nc6 4. Bg2 Bb4 5. Nd5 d6 6. a3 Bc5 7. e3 Bf5 8. Ne2 e4 9. b4 Bb6 10. Bb2 Nxd5 11. cxd5 Ne5 12. Nc3 0-1

[Event "Muensterland Verbandsklasse 1516"]
[Site "Germany"]
[Date "2015.11.28"]
[Round "3.5"]
[White "Holstegge, Ludger"]
[Black "Schemmann, Bernhard"]
[Result "1/2-1/2"]
[WhiteElo "1819"]
[BlackElo "1845"]
[PlyCount "118"]
[EventDate "2015.09.19"]
[EventType "team"]
[EventRounds "9"]
[EventCountry "GER"]
[SourceTitle "EXT 2017"]
[Source "ChessBase"]
[SourceDate "2016.10.25"]
[SourceVersion "1"]
[SourceVersionDate "2016.10.25"]
[SourceQuality "1"]
[WhiteTeam "Nordwalde"]
[BlackTeam "Beelen II"]
[WhiteTeamCountry "GER"]
[BlackTeamCountry "GER"]

1. c4 b6 2. Nc3 Bb7 3. e4 e6 4. d4 Bb4 5. Bd3 f5 6. Qe2 Nf6 7. Bg5 fxe4 8. Bxe4 Bxe4 9. Bxf6 Qxf6 10. Qxe4 0-0 11. Nf3 Bxc3+ 12. bxc3 Nc6 13. 0-0 Qf5 14. Qxf5 Rxf5 15. Rfe1 Raf8 16. Re2 Rc8 17. Rb1 Na5 18. Nd2 c5 19. Ne4 Nb7 20. d5 exd5 21. Ng3 Rf4 22. cxd5 Nd6 23. f3 Rc4 24. Rb3 Re8 25. Kf2 Rxe2+ 26. Kxe2 Rh4 27. h3 Ra4 28. Rb2 Kf7 29. Kd3 b5 30. Ne4 Nxe4 31. fxe4 a6 32. Rf2+ Ke7 33. e5 Ra3 34. Rc2 a5 35. Ke4 Ra4+ 36. Kd3 Ra3 37. Rb2 b4 38. Rc2 a4 39. Kc4 b3 40. axb3 axb3 41. Rb2 Ra4+ 42. Kxc5 Re4 43. Rxb3 Rxe5 44. c4 Re4 45. Rg3 g6 46. Rd3 Re2 47. g4 Re4 48. Kb5 d6 49. c5 dxc5 50. Kxc5 h5 51. gxh5 gxh5 52. Ra3 Rf4 53. d6+ Kd7 54. Ra7+ Kd8 55. Rh7 Ra4 56. Kc6 Rc4+ 57. Kd5 Rh4 58. Ke6 Re4+ 59. Kf5 Rh4 1/2-1/2

[Event "Muensterland Verbandsklasse 1415"]
[Site "Germany"]
[Date "2015.03.21"]
[Round "8.5"]
[White "Holstegge, Ludger"]
[Black "Rickert, Berthold"]
[Result "1/2-1/2"]
[WhiteElo "1814"]
[BlackElo "1797"]
[PlyCount "42"]
[EventDate "2014.09.13"]
[EventType "team-tourn"]
[EventRounds "9"]
[EventCountry "GER"]
[SourceTitle "EXT 2016"]
[Source "ChessBase"]
[SourceDate "2015.10.08"]
[SourceVersion "1"]
[SourceVersionDate "2015.10.08"]
[SourceQuality "1"]
[WhiteTeam "Nordwalde"]
[BlackTeam "Borken"]
[WhiteTeamCountry "GER"]
[BlackTeamCountry "GER"]

1. c4 g6 2. Nc3 Bg7 3. d4 d6 4. Nf3 Nd7 5. Qc2 Ngf6 6. g3 0-0 7. Bg2 e5 8. dxe5 Nxe5 9. Nxe5 dxe5 10. 0-0 Qe7 11. Rb1 c6 12. b3 Bf5 13. e4 Be6 14. h3 Rfd8 15. Be3 b6 16. Rbd1 Rxd1 17. Rxd1 Rd8 18. Kh2 Rd7 19. Qc1 Qd8 20. Rxd7 Qxd7 21. Qd1 Qxd1 1/2-1/2

[Event "Muensterland Verbandsklasse 1314"]
[Site "Germany"]
[Date "2014.02.08"]
[Round "6.5"]
[White "Holstegge, Ludger"]
[Black "Rickert, Berthold"]
[Result "1-0"]
[WhiteElo "1837"]
[BlackElo "1789"]
[PlyCount "60"]
[EventDate "2013.09.21"]
[EventType "team-tourn"]
[EventRounds "9"]
[EventCountry "GER"]
[SourceTitle "EXT 2015"]
[Source "ChessBase"]
[SourceDate "2014.11.20"]
[SourceVersion "1"]
[SourceVersionDate "2014.11.20"]
[SourceQuality "1"]
[WhiteTeam "Nordwalde"]
[BlackTeam "Borken"]
[WhiteTeamCountry "GER"]
[BlackTeamCountry "GER"]

1. c4 g6 2. Nc3 Bg7 3. d4 d6 4. Nf3 Nd7 5. e3 e5 6. d5 f5 7. Be2 Ngf6 8. 0-0 0-0 9. Bd2 Nc5 10. b4 Nce4 11. Rc1 Bd7 12. Nxe4 Nxe4 13. c5 c6 14. Qb3 Kh8 15. cxd6 Nxd6 16. Bc3 Re8 17. Rfd1 Qe7 18. dxc6 bxc6 19. Qb2 Nf7 20. a4 Rab8 21. b5 cxb5 22. axb5 Red8 23. Rd5 Be6 24. Rxd8+ Rxd8 25. Nxe5 Nxe5 26. Bxe5 Bg8 27. Bxg7+ Qxg7 28. Qxg7+ Kxg7 29. Rc7+ Kh6 30. Rxa7 Bc4 1-0

[Event "Muensterland Verbandsklasse-B 1011"]
[Site "Germany"]
[Date "2011.02.19"]
[Round "7.3"]
[White "Holstegge, Ludger"]
[Black "Werremeyer, Achim"]
[Result "1/2-1/2"]
[WhiteElo "1898"]
[BlackElo "1734"]
[PlyCount "77"]
[EventDate "2010.09.18"]
[EventType "team-tourn"]
[EventRounds "9"]
[EventCountry "GER"]
[SourceTitle "EXT 2012"]
[Source "ChessBase"]
[SourceDate "2011.11.24"]
[SourceVersion "1"]
[SourceVersionDate "2011.11.24"]
[SourceQuality "1"]
[WhiteTeam "Nordwalde"]
[BlackTeam "Westerkappeln"]
[WhiteTeamCountry "GER"]
[BlackTeamCountry "GER"]

1. c4 Nf6 2. Nc3 e6 3. g3 d5 4. Bg2 Be7 5. d4 0-0 6. Nf3 Nbd7 7. b3 Re8 8. 0-0 c6 9. Qc2 Bf8 10. Bf4 Nh5 11. a3 Nxf4 12. gxf4 f6 13. e3 Nb6 14. c5 Nd7 15. b4 e5 16. Ne2 Qe7 17. Kh1 g6 18. Rg1 Kh8 19. h3 Bg7 20. a4 exf4 21. Nxf4 Nf8 22. Rae1 Bf5 23. Qc3 Qd7 24. Nh4 Bh6 25. Nxf5 Qxf5 26. Nd3 Qd7 27. Nc1 Ne6 28. Ne2 Ng5 29. Kh2 Re7 30. Ng3 Rae8 31. Rb1 f5 32. Rge1 Qc7 33. f4 Ne4 34. Bxe4 fxe4 35. Kg2 Rg8 36. h4 Qd7 37. Rh1 Qg4 38. Rbf1 Rf7 39. Qd2 1/2-1/2

[Event "Muensterland Verbandsklasse-B 1011"]
[Site "Germany"]
[Date "2011.01.29"]
[Round "6.4"]
[White "Holstegge, Ludger"]
[Black "Kuhlenbaeumer, Alfred"]
[Result "1-0"]
[WhiteElo "1898"]
[BlackElo "1852"]
[PlyCount "47"]
[EventDate "2010.09.18"]
[EventType "team-tourn"]
[EventRounds "9"]
[EventCountry "GER"]
[SourceTitle "EXT 2012"]
[Source "ChessBase"]
[SourceDate "2011.11.24"]
[SourceVersion "1"]
[SourceVersionDate "2011.11.24"]
[SourceQuality "1"]
[WhiteTeam "Nordwalde"]
[BlackTeam "Telgte"]
[WhiteTeamCountry "GER"]
[BlackTeamCountry "GER"]

1. c4 Nf6 2. g3 e6 3. Bg2 d5 4. Nf3 c5 5. 0-0 Nc6 6. cxd5 exd5 7. d4 cxd4 8. Nxd4 Bc5 9. Nb3 Bb6 10. Nc3 Be6 11. Bg5 h6 12. Bxf6 Qxf6 13. Nxd5 Qxb2 14. Nxb6 axb6 15. Qd6 Bd7 16. Rfd1 Rd8 17. Bxc6 bxc6 18. Rd3 Qf6 19. Qc7 Be6 20. Qxc6+ Bd7 21. Qc7 Qc6 22. Qe5+ Be6 23. Qxg7 Ke7 24. Nd4 1-0

[Event "Muensterland Verbandsklasse-B 0809"]
[Site "Germany"]
[Date "2009.03.28"]
[Round "8.3"]
[White "Holstegge, Ludger"]
[Black "Farwick, Christian"]
[Result "1/2-1/2"]
[WhiteElo "1945"]
[BlackElo "1835"]
[PlyCount "117"]
[EventDate "2008.09.13"]
[EventType "team-tourn"]
[EventRounds "9"]
[EventCountry "GER"]
[SourceTitle "EXT 2010"]
[Source "ChessBase"]
[SourceDate "2010.11.25"]
[SourceVersion "1"]
[SourceVersionDate "2010.11.25"]
[SourceQuality "1"]
[WhiteTeam "Nordwalde"]
[BlackTeam "Borken"]
[WhiteTeamCountry "GER"]
[BlackTeamCountry "GER"]

1. c4 Nf6 2. Nc3 d5 3. cxd5 Nxd5 4. d4 g6 5. e4 Nxc3 6. bxc3 Bg7 7. Bc4 0-0 8. Ne2 c5 9. 0-0 cxd4 10. cxd4 Nc6 11. Be3 b6 12. Rc1 Bb7 13. Qd2 Rc8 14. f3 Na5 15. Bd3 Qd7 16. Rfd1 Rfd8 17. Qb2 Bc6 18. Qb4 e6 19. Ba6 Bb7 20. Bxb7 Qxb7 21. Kf2 Bf8 22. Qa4 Nc6 23. d5 exd5 24. exd5 Ne5 25. Rxc8 Rxc8 26. d6 Rd8 27. Bf4 Nd7 28. Qb5 Nc5 29. Nc3 a6 30. Qe2 Qc6 31. Ne4 Nxe4+ 32. Qxe4 Qxe4 33. fxe4 f6 34. d7 Kf7 35. Bc7 Bc5+ 36. Kf3 Ke7 37. h4 Rxd7 38. Rxd7+ Kxd7 39. Bf4 b5 40. g4 a5 41. Ke2 Ke6 42. h5 a4 43. Kd3 g5 44. Bg3 Bd6 45. Be1 Be5 46. Bb4 Kd7 47. Ke3 Kc6 48. Kd3 Bd6 49. Bc3 Be7 50. Bd4 Kb7 51. Kc3 Ka6 52. Kd3 Ka5 53. Kc3 Bd8 54. Bc5 Bc7 55. Bb4+ Kb6 56. Kd4 Kc6 57. Kd3 Bd6 58. Bc3 Be7 59. Bd4 1/2-1/2